[Event "2nd Lanzarote it"]
[Site "Lanzarote ESP"]
[Date "1974.05.10"]
[Round "4"]
[White "Debarnot, Roberto Luis"]
[Black "Zuckerman, Bernard"]
[Result "0-1"]
[WhiteElo "2405"]
[BlackElo "2455"]
[EventDate "1974.05.07"]
[PlyCount "114"]

1.Nf3 Nf6 2.g3 g6 3.Bg2 Bg7 4.O-O O-O 5.c4 d6 6.d4 c5 7.Nc3 Nc6 8.dxc5 
dxc5 9.Be3 Qa5 10.Bd2 Bf5 11.Qb3 Qb4 12.Qxb4 cxb4 13.Na4 Rad8 14.Rac1 Be4 
15.Bf4 b6 16.Rfe1 Rd7 17.Ne5 Nxe5 18.Bxe5 Bxg2 19.Kxg2 Ne4 20.Bxg7 Kxg7 
21.f3 Nc5 22.Nxc5 bxc5 23.Rc2 Rfd8 24.Kf2 a5 25.b3 a4 26.Rb1 Rd2 27.Rbc1 
R8d3 28.Rxd2 Rxd2 29.a3 axb3 30.axb4 b2 31.Rb1 cxb4 32.Ke3 Rc2 33.Kd4 Kf8 
34.Kc5 Ke8 35.e4 Kd7 36.h4 b3 37.f4 Kc7 38.e5 h5 39.Kb5 Rg2 40.Kc5 e6 41.
Kb5 Re2 42.Kb4 Kc6 43.Kxb3 Re3+ 44.Kb4 Rxg3 45.Rxb2 Rg4 46.Ra2 Rxf4 47.Ra7
Rf5 48.Re7 Rf3 49.Ra7 g5 50.hxg5 h4 51.Ra6+ Kb7 52.Ra2 Rf5 53.Kc5 Rxe5+ 
54.Kd6 Rxg5 55.Rf2 Rf5 56.Rxf5 exf5 57.Kd7 h3 {[Fuente: Zaiko, Oscar 
Alfredo. Base de partidas del "02.Arrecife de Lanzarote" ESP 1974. Sitio 
web OLD IN CHESS. (Mayo 2001). Espacio virtual oriundo de Argentina. 
Estuvo disponible hasta el ao 2009 en la direccin: 
http://www.geocities.org/ oldinchess/index.htm ]} 0-1

[Event "2nd Lanzarote it"]
[Site "Lanzarote ESP"]
[Date "1974.05.10"]
[Round "4"]
[White "Enklaar, Bertus"]
[Black "Quinteros, Miguel Angel"]
[Result "0-1"]
[WhiteElo "2435"]
[BlackElo "2520"]
[EventDate "1974.05.07"]
[PlyCount "116"]

1.e4 c5 2.Nf3 d6 3.d4 cxd4 4.Nxd4 Nf6 5.Nc3 a6 6.f4 Qc7 7.Bd3 g6 8.Nf3 Bg7
9.O-O O-O 10.Kh1 Nbd7 11.Qe1 Nc5 12.Qh4 e6 $5 13.Be3 ( {En esta conocida 
lnea de la "Variante Najdorf", de la Defensa Siciliana, hay que maniobrar 
enrgicamente para mantener la iniciativa. Aqu parece interesante} 13.f5 $1
exf5 14.exf5 Nxd3 15.cxd3 Bxf5 16.Bg5 {, con prometedoras perspectivas.} )
13...b5 $1 14.Bd4 Qd8 15.Rad1 $1 Nh5 16.Qxd8 ( {Si} 16.e5 Qxh4 17.Nxh4 
Nxd3 18.Rxd3 Nxf4 $1 19.Rxf4 dxe5 {, gana.} ) 16...Rxd8 17.Bxg7 Kxg7 18.
Nd2 e5 $1 19.g3 Bb7 20.a3 Re8 21.Kg1 Rac8 {[Como siempre que el ataque 
blanco sobre el enroque no prospera, las negras tienen la iniciativa con 
presin sobre el centro y el ala de dama, tpicos de la "Siciliana". ]} 22.
Rde1 Nf6 23.h3 Rc7 $1 24.f5 {[Ante la amenaza ...gxf5, seguido de ...Tce7.
]} 24...g5 $1 25.Rf2 Rg8 $1 26.Bf1 Kf8 27.Bg2 Ke7 28.Nf1 Ncd7 29.Ne3 Nb6 
$1 30.Rd2 Nc4 31.Nxc4 Rxc4 32.Red1 Rd8 33.Bf1 Rc7 34.Re1 Bc6 $1 {[Para 
poner en marcha los peones del ala de dama, acentuando as la presin sobre 
el centro. ]} 35.Bd3 Rb8 36.Nd1 b4 37.axb4 Rxb4 38.c3 Nxe4 $1 {[Comienza 
la maniobra decisiva: sacrificio de la calidad para obtener dos poderosos 
peones pasados y ligados en el centro. ]} 39.Rde2 Nc5 40.f6+ ( {Si} 40.
cxb4 Nxd3 41.Rf1 Kf6 {, con neta ventaja.} ) 40...Kxf6 41.Rf1+ Kg7 42.cxb4
Nxd3 43.Ne3 d5 $1 44.Nf5+ Kg6 45.h4 h5 46.hxg5 Kxg5 47.Nh4 Re7 $1 48.Rf5+ 
Kg4 49.Rf6 Bd7 50.Kh2 ( 50.Rxf7 Kxg3 51.Ng2 d4 $1 ) 50...Be6 51.Rh6 e4 52.
Rh8 Kg5 $1 {[Ante Tg8 mate]} 53.Rb8 f5 54.b5 axb5 55.Rxb5 Ne5 56.b4 Kf6 
57.Ng2 $4 {[Un error en situacin ya desesperada, ante el avance de los 
peones pasados. ]} 57...Nf3+ 58.Kh1 Nd4 {[Comentarios y fuente: Torn, Romn
<maestro internacional>. Artculo "Quinteros, vencedor del II Torneo de 
Lanzarote". Columna Ajedrez. Diario LA VANGUARDIA ESPAOLA. (26 Mayo 1974, 
pgina 72). Editado por TISA. Barcelona, Espaa. ]} 0-1

[Event "2nd Lanzarote it"]
[Site "Lanzarote ESP"]
[Date "1974.05.10"]
[Round "4"]
[White "Garcia Martinez, Silvino"]
[Black "Garcia Gonzalez, Guillermo"]
[Result "1/2-1/2"]
[WhiteElo "2450"]
[BlackElo "2470"]
[EventDate "1974.05.07"]
[PlyCount "20"]

1.d4 Nf6 2.c4 e6 3.Nf3 b6 4.g3 Bb7 5.Bg2 Be7 6.Nc3 Ne4 7.Qc2 Nxc3 8.Qxc3 
O-O 9.O-O f5 10.Ne1 Bxg2 {[Fuente: Zaiko, Oscar Alfredo. Base de partidas 
del "02.Arrecife de Lanzarote" ESP 1974. Sitio web OLD IN CHESS. (Mayo 
2001). Espacio virtual oriundo de Argentina. Estuvo disponible hasta el ao
2009 en la direccin: http://www.geocities.org/oldinchess/index.htm ]} 
1/2-1/2

[Event "2nd Lanzarote it"]
[Site "Lanzarote ESP"]
[Date "1974.05.10"]
[Round "4"]
[White "Martz, William Edward"]
[Black "Visier Segovia, Fernando"]
[Result "1/2-1/2"]
[WhiteElo "2395"]
[BlackElo "2345"]
[EventDate "1974.05.07"]
[PlyCount "36"]

1.c4 Nf6 2.Nc3 g6 3.e4 d6 4.d4 Bg7 5.Be2 O-O 6.f4 c5 7.Nf3 cxd4 8.Nxd4 Nc6
9.Be3 Ng4 10.Bxg4 Bxd4 11.Bxd4 Bxg4 12.Qxg4 Nxd4 13.Qd1 Nc6 14.O-O Qb6+ 
15.Rf2 Qc5 16.b3 Rae8 17.Nd5 Nb4 18.Nxb4 Qxb4 {[Fuente: Zaiko, Oscar 
Alfredo. Base de partidas del "02.Arrecife de Lanzarote" ESP 1974. Sitio 
web OLD IN CHESS. (Mayo 2001). Espacio virtual oriundo de Argentina. 
Estuvo disponible hasta el ao 2009 en la direccin: 
http://www.geocities.org/ oldinchess/index.htm ]} 1/2-1/2

[Event "2nd Lanzarote it"]
[Site "Lanzarote ESP"]
[Date "1974.05.10"]
[Round "4"]
[White "Olafsson, Fridrik"]
[Black "Fernandez, Angel Luis"]
[Result "1-0"]
[WhiteElo "2570"]
[BlackElo "2200"]
[EventDate "1974.05.07"]
[PlyCount "35"]

1.d4 Nf6 2.c4 e6 3.Nf3 d5 4.Nc3 Be7 5.g3 O-O 6.Bg2 Nbd7 7.O-O dxc4 8.e4 c6
9.a4 Re8 10.Qe2 Bb4 11.e5 Nd5 12.Qxc4 Be7 13.a5 f5 14.exf6 Bxf6 15.Re1 Qe7
16.Ne4 e5 17.b3 b5 18.Qxc6 {[Fuente: Zaiko, Oscar Alfredo. Base de 
partidas del "02.Arrecife de Lanzarote" ESP 1974. Sitio web OLD IN CHESS. 
(Mayo 2001). Espacio virtual oriundo de Argentina. Estuvo disponible hasta
el ao 2009 en la direccin: http://www.geocities.org/oldinchess/index.htm ]
} 1-0

[Event "2nd Lanzarote it"]
[Site "Lanzarote ESP"]
[Date "1974.05.12"]
[Round "5"]
[White "Fernandez, Angel Luis"]
[Black "Martz, William Edward"]
[Result "1/2-1/2"]
[WhiteElo "2200"]
[BlackElo "2395"]
[EventDate "1974.05.07"]
[PlyCount "27"]

1.e4 Nf6 2.Nc3 d5 3.e5 d4 4.exf6 dxc3 5.fxg7 cxd2+ 6.Qxd2 Qxd2+ 7.Bxd2 
Bxg7 8.O-O-O Bf5 9.Nf3 Nd7 10.Be3 a6 11.Bc4 Nb6 12.Bb3 Rg8 13.Rhe1 Bf6 14.
Bf4 {[Fuente: Zaiko, Oscar Alfredo. Base de partidas del "02.Arrecife de 
Lanzarote" ESP 1974. Sitio web OLD IN CHESS. (Mayo 2001). Espacio virtual 
oriundo de Argentina. Estuvo disponible hasta el ao 2009 en la direccin: 
http://www.geocities.org/oldinchess/index.htm ]} 1/2-1/2

[Event "2nd Lanzarote it"]
[Site "Lanzarote ESP"]
[Date "1974.05.12"]
[Round "5"]
[White "Garcia Gonzalez, Guillermo"]
[Black "Olafsson, Fridrik"]
[Result "1/2-1/2"]
[WhiteElo "2470"]
[BlackElo "2570"]
[EventDate "1974.05.07"]
[PlyCount "82"]

1.d4 Nf6 2.c4 e6 3.Nc3 Bb4 4.e3 c5 5.Ne2 cxd4 6.exd4 d5 7.c5 Ne4 8.Bd2 Nc6
9.Nxe4 dxe4 10.Bxb4 Nxb4 11.Qa4+ Nc6 12.Rd1 O-O 13.Nc3 f5 14.Bb5 Bd7 15.d5
exd5 16.Nxd5 Qg5 17.O-O Rad8 18.Nc7 Qe7 19.Bxc6 Bxc6 20.Qb3+ Qf7 21.Ne6 
Rxd1 22.Rxd1 Re8 23.Rd6 h6 24.h4 e3 25.fxe3 Kh8 26.Rd8 Rxd8 27.Nxd8 Qxb3 
28.axb3 Bd5 29.b4 a6 30.Kf2 Kg8 31.g3 Kf8 32.c6 bxc6 33.Nb7 Ke7 34.Nc5 Bc4
35.e4 fxe4 36.Ke3 Kf6 37.Kxe4 Bd5+ 38.Kf4 Bc4 39.Nd7+ Ke6 40.Ne5 Bd5 41.h5
Bg2 {[Fuente: Zaiko, Oscar Alfredo. Base de partidas del "02. Arrecife de 
Lanzarote" ESP 1974. Sitio web OLD IN CHESS. (Mayo 2001). Espacio virtual 
oriundo de Argentina. Estuvo disponible hasta el ao 2009 en la direccin: 
http://www.geocities.org/oldinchess/index.htm ]} 1/2-1/2

[Event "2nd Lanzarote it"]
[Site "Lanzarote ESP"]
[Date "1974.05.12"]
[Round "5"]
[White "Kavalek, Lubomir"]
[Black "Enklaar, Bertus"]
[Result "0-1"]
[WhiteElo "2565"]
[BlackElo "2435"]
[EventDate "1974.05.07"]
[PlyCount "86"]

1.e4 c5 2.Nf3 e6 3.d4 cxd4 4.Nxd4 Nf6 5.Nc3 d6 6.f4 Be7 7.Bd3 Nc6 8.Nf3 a6
9.Qe2 Nb4 {[Al original plan de Kawalek, el maestro holands juega con un 
simple concepto: eliminar el alfil que apunta peligrosamente al enroque. ]
} 10.O-O Nxd3 11.cxd3 O-O 12.e5 Ne8 13.Be3 b5 14.Ne4 Bb7 15.Bd4 Rc8 {[Las 
negras salieron con buen juego en la apertura; el alfil de casillas 
blancas tendr un rol muy importante. ]} 16.Rac1 Rxc1 17.Rxc1 h6 {
[Necesario para controlar los saltos de caballo, si las negras deciden 
liberarse con P4AR (... f5). ]} 18.a3 Bd5 19.Nfd2 dxe5 20.fxe5 f5 21.exf6 
{(a.p.)} 21...Nxf6 22.Nf3 Nh5 {[Aunque ambos jugadores hicieron 
concesiones en las casillas centrales, las negras estn mejor dispuestas 
para la lucha tctica que se avecina. ]} 23.Be5 Qb6+ 24.Kh1 ( {Si} 24.Bd4 
Nf4 $1 ) 24...Nf4 25.Qd2 Nh3 $1 26.Bd4 ( {Si} 26.gxh3 Rxf3 27.Qg2 ( 27.
Bxg7 Bg5 ) 27...Rf7 {y las negras estn mejor.} ) 26...Qb7 27.Re1 Nf4 28.
Be5 Ng6 29.Bg3 b4 $1 {[Fino golpe. Una vez controlados los puntos vitales,
Enklaar asesta un duro golpe en el flanco dama blanco, que pone al primer 
jugador en una difcil situacin. ]} 30.a4 b3 31.Qe3 Bb4 32.Rc1 Rc8 33.Rxc8+
Qxc8 34.h4 ( {Aunque inferior Kawalek, lucha con verdadero optimismo. 
Hubiera sido mejor} 34.Be1 {.} ) 34...Ne7 35.Nd4 a5 36.Be1 Qb7 37.Bxb4 
Qxb4 38.Kg1 ( {Si} 38.Nc3 Qxc3 $3 39.bxc3 b2 40.Qe1 ( {Si} 40.c4 b1=Q+ 41.
Kh2 Bb7 42.Qxe6+ Kf8 {, ganando.} ) 40...Ba2 {, ganando.} ) 38...Qxa4 39.
Nc5 Qa1+ 40.Kh2 Qxb2 41.Ndxe6 Qxg2# {[Comentarios: Quinteros, Miguel ngel 
<gran maestro>. (Revista JAQUE, 01-07-1974). || Fuentes: 1. Quinteros, 
Miguel A. Artculo "Miguel A. Quinteros, Vencedor del II Torneo 
Internacional de Lanzarote" 1974. Revista JAQUE. (01-07-1974, ao IV, nmero
31, pginas 10-15). Jos Mara Gonzlez (Editor-Director). San Sebastin, 
Espaa. // 2. Zaiko, Oscar Alfredo. Base de partidas del "02.Arrecife de 
Lanzarote" ESP 1974. Sitio web OLD IN CHESS. (Mayo 2001). Espacio virtual 
oriundo de Argentina. Estuvo disponible hasta el ao 2009 en la direccin: 
http://www.geocities.org/oldinchess/index.htm ]} 0-1

[Event "2nd Lanzarote it"]
[Site "Lanzarote ESP"]
[Date "1974.05.12"]
[Round "5"]
[White "Quinteros, Miguel Angel"]
[Black "Garcia Martinez, Silvino"]
[Result "0-1"]
[WhiteElo "2520"]
[BlackElo "2450"]
[EventDate "1974.05.07"]
[PlyCount "38"]

1.d4 Nf6 2.c4 e6 3.Nc3 Bb4 4.Qc2 c5 5.dxc5 Na6 6.a3 Bxc3+ 7.Qxc3 Nxc5 8.b4
Nce4 9.Qc2 d5 10.c5 $4 Nxf2 11.Kxf2 Ne4+ 12.Ke1 Qf6 13.e3 Qxa1 14.Bb5+ Bd7
15.Bxd7+ Kxd7 16.Ke2 Qc3 17.Qa4+ Ke7 18.Nh3 Qc4+ 19.Kf3 Nxc5 {[Fuente: 
Zaiko, Oscar Alfredo. Base de partidas del "02.Arrecife de Lanzarote" ESP 
1974. Sitio web OLD IN CHESS. (Mayo 2001). Espacio virtual oriundo de 
Argentina. Estuvo disponible hasta el ao 2009 en la direccin: 
http://www.geocities.org/ oldinchess/index.htm ]} 0-1

[Event "2nd Lanzarote it"]
[Site "Lanzarote ESP"]
[Date "1974.05.12"]
[Round "5"]
[White "Visier Segovia, Fernando"]
[Black "Debarnot, Roberto Luis"]
[Result "1-0"]
[WhiteElo "2345"]
[BlackElo "2405"]
[EventDate "1974.05.07"]
[PlyCount "44"]

1.d4 Nf6 2.c4 g6 3.Nc3 d5 4.Bf4 Bg7 5.e3 O-O 6.Rc1 c6 7.Nf3 a6 8.h3 Bf5 9.
Qb3 b5 10.cxd5 cxd5 11.Ne5 Be6 12.a4 Ne4 13.axb5 Qb6 14.Bd3 Rc8 15.Ke2 
Nxc3+ 16.Rxc3 Rxc3 17.bxc3 f6 18.Nf3 Nc6 19.Qa2 Na5 20.bxa6 Nc4 21.Ra1 Ra7
22.Nd2 Qc6 {[Fuente: Zaiko, Oscar Alfredo. Base de partidas del "02. 
Arrecife de Lanzarote" ESP 1974. Sitio web OLD IN CHESS. (Mayo 2001). 
Espacio virtual oriundo de Argentina. Estuvo disponible hasta el ao 2009 
en la direccin: http://www.geocities.org/oldinchess/index.htm ]} 1-0

[Event "2nd Lanzarote it"]
[Site "Lanzarote ESP"]
[Date "1974.05.12"]
[Round "5"]
[White "Zuckerman, Bernard"]
[Black "Abdel"]
[Result "1-0"]
[WhiteElo "2455"]
[BlackElo "2200"]
[EventDate "1974.05.07"]
[PlyCount "57"]

1.e4 c5 2.Nf3 d6 3.d4 cxd4 4.Nxd4 Nf6 5.Nc3 a6 6.Bg5 e6 7.f4 Nbd7 8.Qf3 
Qc7 9.O-O-O Be7 10.g4 Ng8 11.h4 Nb6 12.f5 Bd7 13.Be3 Rc8 14.g5 Nc4 15.fxe6
fxe6 16.Bxc4 Qxc4 17.Rhf1 e5 18.Nf5 Bxf5 19.Qxf5 g6 20.Qf3 Kd7 21.Kb1 Rf8 
22.Qg2 Rxf1 23.Rxf1 Bd8 24.Rf8 Qe6 25.Nd5 h6 26.gxh6 Rh7 27.Bg5 Be7 28.
Bxe7 Rxe7 29.Nxe7 {[Fuente: Zaiko, Oscar Alfredo. Base de partidas del 
"02.Arrecife de Lanzarote" ESP 1974. Sitio web OLD IN CHESS. (Mayo 2001). 
Espacio virtual oriundo de Argentina. Estuvo disponible hasta el ao 2009 
en la direccin: http://www.geocities.org/oldinchess/index.htm ]} 1-0

[Event "2nd Lanzarote it"]
[Site "Lanzarote ESP"]
[Date "1974.05.13"]
[Round "6"]
[White "Abdel"]
[Black "Enklaar, Bertus"]
[Result "0-1"]
[WhiteElo "2200"]
[BlackElo "2435"]
[EventDate "1974.05.07"]
[PlyCount "46"]

1.d4 g6 2.c4 Bg7 3.e4 d6 4.Nc3 Nc6 5.Nge2 e5 6.d5 Nce7 7.g3 c5 8.a4 f5 9.
f3 Nf6 10.Bg2 O-O 11.O-O h5 12.Bg5 Nh7 13.Bxe7 Qxe7 14.exf5 gxf5 15.Nc1 h4
16.f4 hxg3 17.hxg3 Bd7 18.Nd3 e4 19.Nf2 e3 20.Nfe4 fxe4 21.Bxe4 Bd4 22.
Bxh7+ Qxh7 23.Ne2 Bg4 {[Fuente: Zaiko, Oscar Alfredo. Base de partidas del
"02.Arrecife de Lanzarote" ESP 1974. Sitio web OLD IN CHESS. (Mayo 2001). 
Espacio virtual oriundo de Argentina. Estuvo disponible hasta el ao 2009 
en la direccin: http://www.geocities.org/oldinchess/index.htm ]} 0-1

[Event "2nd Lanzarote it"]
[Site "Lanzarote ESP"]
[Date "1974.05.13"]
[Round "6"]
[White "Debarnot, Roberto Luis"]
[Black "Fernandez, Angel Luis"]
[Result "1-0"]
[WhiteElo "2405"]
[BlackElo "2200"]
[EventDate "1974.05.07"]
[PlyCount "105"]

1.e4 e6 2.d4 d5 3.Nd2 Nf6 4.e5 Nfd7 5.f4 c5 6.c3 Nc6 7.Ndf3 Be7 8.Bd3 O-O 
9.h4 f5 10.g4 cxd4 11.gxf5 exf5 12.cxd4 Qe8 13.Ne2 Nb6 14.Kf2 Bd7 15.Bd2 
h5 16.Qf1 Kf7 17.Qh3 g6 18.Rhg1 Rg8 19.Rg2 Bf8 20.Rag1 Ke7 21.Ng3 Rh8 22.
Nf1 Rh6 23.Rg3 Kd8 24.Qg2 Ne7 25.Ng5 Nc6 26.Bc3 Kc7 27.Ne3 Ne7 28.Ba5 Bc6 
29.Rc1 Rc8 30.Bb4 Kb8 31.Bd6+ Ka8 32.Ne6 Qd7 33.Nc5 Qd8 34.Kg1 Be8 35.Rc3 
Bf7 36.Bb5 Rh8 37.Ra3 Nc6 38.Bxc6 Rxc6 39.Bxf8 Rxf8 40.Rg5 Nc4 41.Rb3 Qa5 
42.Nxc4 dxc4 43.Rxb7 Qe1+ 44.Qf1 Qd2 45.Qf2 c3 46.bxc3 Qc1+ 47.Kh2 Bd5 48.
Rg1 Qxc3 49.Qb2 Rxc5 50.dxc5 Qe3 51.Rxa7+ Kxa7 52.Qb6+ Ka8 53.Qa6+ {
[Fuente: Zaiko, Oscar Alfredo. Base de partidas del "02.Arrecife de 
Lanzarote" ESP 1974. Sitio web OLD IN CHESS. (Mayo 2001). Espacio virtual 
oriundo de Argentina. Estuvo disponible hasta el ao 2009 en la direccin: 
http://www.geocities.org/oldinchess/index.htm ]} 1-0

[Event "2nd Lanzarote it"]
[Site "Lanzarote ESP"]
[Date "1974.05.13"]
[Round "6"]
[White "Garcia Martinez, Silvino"]
[Black "Kavalek, Lubomir"]
[Result "0-1"]
[WhiteElo "2450"]
[BlackElo "2565"]
[EventDate "1974.05.07"]
[PlyCount "62"]

1.e4 c5 2.Nf3 d6 3.d4 cxd4 4.Nxd4 Nf6 5.Nc3 a6 6.f4 Qc7 7.Bd3 e5 8.Nf3 b5 
9.O-O Bb7 10.Qe1 Nbd7 11.Kh1 g6 12.Bd2 Bg7 13.fxe5 dxe5 14.b4 O-O 15.a4 
bxa4 16.Rxa4 Rfc8 17.Ra5 Bf8 18.Na4 Qc6 19.Bc3 Nxe4 20.Bxe5 Nef6 21.Bb2 
Re8 22.Qh4 Re4 23.Bxe4 Nxe4 24.c3 Nd2 25.Rf2 Nxf3 26.Rxf3 Re8 27.Qg3 Bd6 
28.Qf2 Qc4 29.Nc5 Bxf3 30.Nxd7 Re2 31.Nf6+ Kh8 {[Fuente: Zaiko, Oscar 
Alfredo. Base de partidas del "02.Arrecife de Lanzarote" ESP 1974. Sitio 
web OLD IN CHESS. (Mayo 2001). Espacio virtual oriundo de Argentina. 
Estuvo disponible hasta el ao 2009 en la direccin: 
http://www.geocities.org/ oldinchess/index.htm ]} 0-1

[Event "2nd Lanzarote it"]
[Site "Lanzarote ESP"]
[Date "1974.05.13"]
[Round "6"]
[White "Martz, William Edward"]
[Black "Garcia Gonzalez, Guillermo"]
[Result "1/2-1/2"]
[WhiteElo "2395"]
[BlackElo "2470"]
[EventDate "1974.05.07"]
[PlyCount "113"]

1.c4 Nf6 2.Nc3 e5 3.Nf3 Nc6 4.e3 d5 5.cxd5 Nxd5 6.Bb5 Nxc3 7.bxc3 Bd6 8.d4
Bd7 9.O-O O-O 10.Bxc6 Bxc6 11.dxe5 Be7 12.Nd4 Qd5 13.Qf3 Qxe5 14.Nxc6 bxc6
15.Qxc6 Rad8 16.Rb1 Rd5 17.c4 Rc5 18.Qb7 Rxc4 19.Qxa7 Bd6 20.g3 Qe8 21.Qb7
Ra4 22.Bb2 Rxa2 23.Qd5 Qe6 24.Qd4 f6 25.Rfd1 h6 26.Bc3 Kh8 27.Bb4 Be5 28.
Qd3 Rfa8 29.e4 R2a4 30.Bc5 Qc4 31.Qxc4 Rxc4 32.Rbc1 Rxe4 33.f4 Bd6 34.Bxd6
cxd6 35.Rc2 Ra6 36.Rcd2 Re6 37.f5 Re5 38.Rxd6 Rxd6 39.Rxd6 Rxf5 40.Kg2 Kh7
41.h4 Ra5 42.Kf3 Kg6 43.Rd4 Ra7 44.Kg4 Ra5 45.Rd7 Ra4+ 46.Kf3 h5 47.Rb7 
Rg4 48.Rb6 Kf7 49.Rb7+ Ke6 50.Rb6+ Kd7 51.Rb5 g6 52.Rb6 f5 53.Ra6 Ke7 54.
Rb6 Kf7 55.Rb7+ Ke6 56.Rb6+ Ke5 57.Ra6 {[Fuente: Zaiko, Oscar Alfredo. 
Base de partidas del "02.Arrecife de Lanzarote" ESP 1974. Sitio web OLD IN
CHESS. (Mayo 2001). Espacio virtual oriundo de Argentina. Estuvo 
disponible hasta el ao 2009 en la direccin: http://www.geocities.org/ 
oldinchess/index.htm ]} 1/2-1/2

[Event "2nd Lanzarote it"]
[Site "Lanzarote ESP"]
[Date "1974.05.13"]
[Round "6"]
[White "Olafsson, Fridrik"]
[Black "Quinteros, Miguel Angel"]
[Result "0-1"]
[WhiteElo "2570"]
[BlackElo "2520"]
[EventDate "1974.05.07"]
[PlyCount "102"]

1.e4 c5 2.Nf3 d6 3.d4 cxd4 4.Nxd4 Nf6 5.Nc3 a6 6.Be2 Nbd7 ( {Esta jugada, 
ms elstica que} 6...e5 {, la practiqu con TAHL en el Interzonal de 
Leningrado, obteniendo buena posicin. POLUGAIEVSKY en su match por KRPOV, 
sigui fiel a la muy estudiada 6...e5; KRPOV, si bien al principio del 
match tuvo algunos problemas para conseguir ventaja en la apertura, no fue
as en la parte final del match, pues supo conseguir el antdoto contra el 
6...e5 de POLUGAIEVSKY. En mi opinin 6...Cbd7, da un juego ms elstico a 
las negras y esta jugada lleva posiciones menos estudiadas.} ) 7.f4 e5 8.
Nf5 ( {Otras posibilidades son} 8.Nb3 ) ( {Y} 8.Nf3 ) 8...Nc5 9.Ng3 Qb6 $1
{[La idea es no dejar enrocar a las blancas y presionar sobre el punto b2,
como tambin el temtico pen "e" de las blancas. ]} 10.f5 Bd7 11.Rb1 $146 ( 
{TAHL prefiri} 11.a4 {, pero las negras tampoco tuvieron problemas.} ) 
11...Bc6 12.Bf3 Be7 13.Be3 Qc7 14.O-O b5 $1 15.Bg5 ( {Si las blancas 
hubieran capturado} 15.Bxc5 {, despus de} 15...dxc5 {, la torre dama de 
las negras entraria rpidamente en juego controlando las acciones.} ) 15...
Ncd7 16.a3 a5 $1 {[La inmediata expansin en el flanco de dama es permitida
gracias a la mala colocacin de las piezas blancas como el alfil en f3, o 
la torre en b1, o el caballo en g3; la desorganizacin de estas piezas 
perjudicar a las dems. ]} 17.Qd2 O-O 18.Kh1 h6 $1 19.Be3 Rfc8 {[La jugada 
18 era para saber el destino que las blancas iban a dar a su alfil blanco;
por eso ahora la torre del flanco rey toma la mejor columna. En caso de 
que las blancas se hubieran desprendido de su alfil 19.Axf6, la torre 
tambin hubiera podido ir a d8. ]} 20.Rbc1 b4 21.axb4 axb4 22.Nd5 Bxd5 23.
exd5 Ra2 $3 {[Jugada ganadora. Las blancas no podrn soportar la presin 
sobre los puntos dbiles que dar conquista material a las negras. ]} 24.
Qxb4 Rb8 25.Qc3 Qxc3 26.bxc3 Rc8 $1 27.Ne4 Nxe4 28.Bxe4 Nf6 29.Bd3 e4 30.
Bb5 Nxd5 31.Bd4 Bf6 32.c4 Bxd4 33.cxd5 Rcxc2 34.Rxc2 Rxc2 35.g3 e3 36.Re1 
Kf8 $1 {[Y el rey nuevamente colaborar en el final atacando los avanzados 
peones blancos. ]} 37.Re2 Rc5 38.Bc6 Ke7 39.Kg2 Kf6 40.g4 h5 $1 41.gxh5 
Kxf5 42.Kf3 Rc1 43.Rg2 Ke5 {[Enrgica jugada de rey. Las blancas no pueden 
capturar el pen en g7, porque el pen de la columna "e" definira la lucha 
inmediatamente. ]} 44.Rg5+ f5 45.Rg2 Rf1+ 46.Ke2 Rb1 {[Evitando que el 
alfil entre en la lucha. ]} 47.Kf3 f4 48.Rg5+ Kf6 49.Rg2 Rf1+ 50.Ke4 ( {Si
} 50.Ke2 f3+ $1 51.Kxf1 fxg2+ 52.Kxg2 e2 $1 {, ganando.} ) 50...f3 51.Rg6+
Kf7 {[Comentarios: Quinteros, Miguel ngel <gran maestro>. (Revista JAQUE, 
01-07-1974, nmero 31). || Fuentes: 1. Quinteros, Miguel ngel. Artculo 
"Miguel A. Quinteros, vencedor de II Torneo Internacional de Lanzarote" 
1974. Revista JAQUE. (01-07-1974, nmero 31, pginas 10-15). Jos Mara 
Gonzlez (Editor-Director). San Sebastin, Espaa. / / 2. Revista AJEDREZ 
CANARIO. (01-07-1974, nmero 36, pginas 320-330). Editado por la Caja 
Insular de Ahorros de Gran Canaria. Las Palmas de Gran Canaria, Espaa. ]} 
0-1

[Event "2nd Lanzarote it"]
[Site "Lanzarote ESP"]
[Date "1974.05.13"]
[Round "6"]
[White "Zuckerman, Bernard"]
[Black "Visier Segovia, Fernando"]
[Result "1-0"]
[WhiteElo "2455"]
[BlackElo "2345"]
[EventDate "1974.05.07"]
[PlyCount "79"]

1.e4 c5 2.Nf3 e6 3.d4 cxd4 4.Nxd4 a6 5.c4 Nf6 6.Nc3 Bb4 7.Bd3 Nc6 8.Bc2 d6
9.O-O Qc7 10.Nxc6 bxc6 11.Na4 c5 12.Bf4 Ke7 13.a3 Ba5 14.b4 Bb6 15.Qxd6+ 
Qxd6 16.Bxd6+ Kxd6 17.Nxb6 Rb8 18.Rad1+ Ke7 19.bxc5 Nd7 20.Rb1 Bb7 21.Nxd7
Kxd7 22.Rb6 Bc6 23.e5 Kc7 24.Rfb1 Ra8 25.Rd1 Rab8 26.Rd6 Rxb6 27.cxb6+ 
Kxb6 28.Be4 Rc8 29.Kf1 Kc5 30.Rxc6+ Rxc6 31.Bxc6 Kxc6 32.Ke2 Kc5 33.Kd3 h5
34.f4 h4 35.Kc3 a5 36.Kd3 Kc6 37.Kd4 a4 38.g3 h3 39.Kc3 Kc5 40.g4 {
[Fuente: Zaiko, Oscar Alfredo. Base de partidas del "02.Arrecife de 
Lanzarote" ESP 1974. Sitio web OLD IN CHESS. (Mayo 2001). Espacio virtual 
oriundo de Argentina. Estuvo disponible hasta el ao 2009 en la direccin: 
http://www.geocities.org/oldinchess/index.htm ]} 1-0